The rock art of Lower Nubia : (Czechoslovak concession) /

محفوظ في:

المؤلف الرئيسي: Suková, Lenka (مؤلف)

التنسيق: كتاب

اللغة: English

منشور في: Prague : Charles University in Prague, Faculty of Arts, 2011.

الطبعة: 1st ed.

الموضوعات:

الوسوم: إضافة وسم

لا توجد وسوم, كن أول من يضع وسما على هذه التسجيلة!

رقم الطلب: GN865 .N82 S85 2011

LEADER 00895namaa2200277 4500
001 24766
003 OSt
005 20250807091540.0
008 130303s2011 xr abf g b 000 0 eng d
020 |a 8073083930 
020 |a 9788073083939 
040 |c ARCE Library 
050 4 |a GN865 .N82 S85 2011 
100 1 |a Suková, Lenka,   |e author  |9 40659 
245 1 4 |a The rock art of Lower Nubia :   |b (Czechoslovak concession) /   |c Lenka Sukova.  
250 |a 1st ed. 
264 1 |a Prague :   |b Charles University in Prague, Faculty of Arts,   |c 2011. 
300 |a 287 pages, xcii pages of plates :   |b illustrations (some color), 16 maps ;   |c 30 cm. 
504 |a Includes bibliographical references.  
650 0 |a Petroglyphs  |z Nubia. 
650 0 |a Rock paintings  |z Nubia. 
650 0 |a Art, Prehistoric   |z Nubia. 
651 0 |a Nubia  |x Antiquities. 
901 |a reviewed 
942 |c BK  |2 lcc 
999 |c 23125  |d 23125